00000000nam##2200000za#4500
0019.601790
003CaOODSP
00520210624210236
007cr |||||||||||
008150406|2004||||xxc|||||o    f|0| 0 fre|d
040 |aCaOODSP|bfre
043 |an-cn---
0861 |aFs76-3/2004-002F-PDF
1101 |aCanada. |bMinistère des pêches et des océans. |bRégion du golfe.
24510|aÉvaluation des renseignements scientifiques sur les impacts des bruits sismiques sur les poissons, les invertébrés, les tortues et les mammifères marins |h[ressource électronique]
260 |aOttawa - Ontario : |bPêches et Océans Canada. |cSeptembre 2004.
300 |a17p.|bfigure
4901 |aRapport sur l'état des habitats |v2004/002
590 |a11-13-Supp|b2011-08-04
77508|tReview of scientific information on impacts of seismic sound on fish, invertebrates, marine turtles and marine mammals |w(CaOODSP)9.571153
830#0|aRapport sur l'état des habitats ;|v2004/002|w(CaOODSP)9.502626
85640|ahttp://publications.gc.ca|qPDF|s202 Ko|uhttps://publications.gc.ca/collections/collection_2011/mpo-dfo/Fs76-3-2004-002-fra.pdf|y2004/002